Statistics for Rupauls Drag Race Season 10

Click here to take the quiz!

General Stats

  • This quiz has been taken 153 times
  • The average score is 11 of 14

Answer Stats

HintAnswer% Correct
WinnerAquaria
98%
2nd placeEureka
98%
2rd placeKameron Michaels
94%
4th placeAsia O'Hara
93%
6th placeMonét X Change
90%
5th placeMiz Cracker
85%
8th placeMonique Heart
85%
7th placeThe Vixen
81%
14th placeVanessa Vanjie Mateo
78%
10th placeMayhem Miller
73%
9th placeBlair St. Clair
70%
11th placeDusty Ray Bottoms
69%
12th placeYuhua Hamasaki
60%
13th placeKalorie Karbdashian Williams
54%

Score Distribution

Percentile by Number Answered

Percent of People with Each Score

Your Score History

You have not taken this quiz